|
|
|
|
| LEADER |
01338nam a22002777a 4500 |
| 001 |
34836 |
| 003 |
BD-DhAAL |
| 005 |
20250807144934.0 |
| 008 |
190721r20151990bg ||||| |||| 00| 1 ben d |
| 020 |
|
|
|a 9789844042988
|
| 040 |
|
|
|a BD-DhAAL
|d BD-DhAAL
|
| 041 |
|
|
|a ben
|
| 082 |
|
|
|a 891.44371
|2 23
|
| 100 |
|
|
|a আহমেদ, হুমায়ূন.
|9 32972
|
| 245 |
|
|
|a অয়োময় /
|c হুমায়ূন আহমেদ
|
| 246 |
|
|
|a Ayomay (A collection of stories)
|
| 260 |
|
|
|a ঢাকা :
|b অনুপম প্রকাশনী,
|c ১৯৯০ [পুনমুর্দ্রণ ২০১৫]
|
| 300 |
|
|
|a ৬৩ পৃষ্ঠা ;
|c ২২ সে.মি.
|
| 526 |
|
|
|a Residential Campus
AAL
|
| 541 |
|
|
|a Development Book Agency
|e 34836, 34995
|
| 650 |
|
|
|a Bengali fiction
|z Bangladesh.
|9 32973
|
| 852 |
|
|
|a Savar Campus Library
|c General Stacks
|
| 942 |
|
|
|2 ddc
|c BK
|
| 999 |
|
|
|c 40920
|d 40920
|
| 952 |
|
|
|0 0
|1 0
|2 ddc
|4 0
|6 891_443710000000000_AHM
|7 0
|9 65683
|a SCL
|b SCL
|c GEN
|d 2019-07-17
|e Development Book Agency
|g 88.00
|l 12
|m 18
|o 891.44371 AHM
|p 3020034836
|r 2024-03-04
|s 2024-02-27
|t 1
|v 105.00
|w 2019-07-17
|y BK
|
| 952 |
|
|
|0 0
|1 0
|2 ddc
|4 0
|6 891_443710000000000_AHM
|7 0
|9 65846
|a BRACUL
|b BRACUL
|c GEN
|d 2019-07-24
|e Development Book Agency
|g 105.00
|l 8
|m 42
|o 891.44371 AHM
|p 3010034995
|r 2023-06-11
|s 2023-05-31
|t 2
|v 105.00
|w 2019-07-24
|y BK
|